Missing Word: 1980s 'M' Song Endings Quiz Stats

 Plays Quiz Updated Oct 7, 2017

Challenge
Share
Tweet
Embed
Score 0/20 Timer 04:00
0 Plays Today
Song Missing Word % Correct
Don't Come Around Here No _____More
96.9%
It's Raining _____Men
94.7%
The Girl Is _____Mine
91.8%
Every Little Thing She Does Is _____Magic
91%
Manic _____Monday
88.8%
Bust A _____Move
88.3%
At This _____Moment
85.3%
Missionary _____Man
85.3%
Did It In A _____Minute
71.1%
Angel Of The _____Morning
68.2%
Song Missing Word % Correct
Dancing With _____Myself
66.1%
St. Elmo's Fire
(Man In _____)
Motion
59.6%
Church Of The Poison _____Mind
55.4%
Shock The _____Monkey
54.8%
Miss You _____Much
53.1%
Rockin' At _____Midnight
52.4%
Shame On The _____Moon
51.1%
Town Called _____Malice
28%
Typical _____Male
22.8%
It's A _____Mistake
21.4%

Today's Daily Dose

Word Ladder
Homophones Ate

Quick Pick
RGB Colors

On This Day
August 18th II

You're not logged in!

Compare scores with friends on all Sporcle quizzes.
Join for Free
OR
Log In

You Might Also Like...

Show Comments

Extras

Top Quizzes Today


Score Distribution

Your Account Isn't Verified!

In order to create a playlist on Sporcle, you need to verify the email address you used during registration. Go to your Sporcle Settings to finish the process.

Report this User

Report this user for behavior that violates our Community Guidelines.

Details: